Rediseño del sistema de control de procesos para reducir la cantidad de producto defectuoso en el Departamento de Compresión de una empresa de empaques de tubería
Enregistré dans:
| Auteur principal: | |
|---|---|
| Autres auteurs: | , , |
| Format: | Livre |
| Langue: | Spanish |
| Publié: |
[San José, Costa Rica ]
2022
|
| Sujets: | |
| Tags: |
Ajouter un tag
Pas de tags, Soyez le premier à ajouter un tag!
|
MARC
| LEADER | 00000nam a2200000Ia 4500 | ||
|---|---|---|---|
| 003 | 013815 | ||
| 005 | 20240320120129.0 | ||
| 008 | 140114s2022 cr a 000 ||spa d | ||
| 040 | |c cru CEDI | ||
| 100 | |a Arias Araya, David, 1998- |9 2729 | ||
| 245 | |a Rediseño del sistema de control de procesos para reducir la cantidad de producto defectuoso en el Departamento de Compresión de una empresa de empaques de tubería | ||
| 260 | |a [San José, Costa Rica ] |c 2022 | ||
| 500 | |a Proyecto de graduación (licenciatura en ingeniería industrial)--Universidad de Costa Rica. Facultad de Ingeniería. Escuela de Ingeniería Industrial | ||
| 501 | |a Directora de Proyecto de Graduación: MSc. Melissa Pizarro Aguilar | ||
| 650 | |x CONTROL DE LA PRODUCCION |x MEJORAMIENTO DE PROCESOS |x PLANIFICACION DE LA PRODUCCION |x PLANIFICACION ESTRATEGICA |x PROGRAMACION DE LA PRODUCCION | ||
| 700 | |a Ruiz Barrantes, Rodrigo, 1999- |9 2731 | ||
| 700 | |a Villalobos Granados, Alonso, 1996- |9 2730 | ||
| 700 | |a Pizarro Aguilar, Melissa, 1984- |d Directora del TFG |9 675 | ||
| 942 | |c TFG |h TFG 8956 |i 013815 |6 TFG_8956_013815000000000 | ||
| 999 | |c 12739 |d 12739 | ||
